[Event "St Pauli Open"]
[Site "Hamburg GER"]
[Date "2011.07.15"]
[Round "8.34"]
[White "Fegebank,F"]
[Black "Maahs,E"]
[Result "0-1"]
[WhiteElo "2040"]
[BlackElo "2098"]

1.e4 c5 2.Nf3 Nc6 3.Bb5 Nd4 4.Nxd4 cxd4 5.O-O g6 6.c3 Bg7 7.cxd4 Bxd4 8.Nc3 Nf6
9.Ne2 Bb6 10.e5 Ng4 11.d4 h5 12.Bg5 a6 13.Ba4 Kf8 14.h3 Nh6 15.Bxh6+ Rxh6
16.Qd2 Kg7 17.Qf4 d5 18.Bc2 Be6 19.Bd3 Qd7 20.b3 f6 21.Qe3 f5 22.h4 Bf7 23.Rac1 e6
24.Rc2 Rhh8 25.Rfc1 Rhc8 26.g3 Rxc2 27.Rxc2 Rc8 28.Qc1 Rxc2 29.Qxc2 Be8 30.Qc3 Qc6
31.Qb2 Bd8 32.f4 Be7 33.Kf2 Qb6 34.Qc3 Bc6 35.a4 Bb4 36.Qc2 Qa5 37.Kf3 Kf8
38.Ke3 Ke7 39.Kf3 Kd7 40.Ke3 Be7 41.Qc3 Bb4 42.Qc1 Kc7 43.Ng1 Be1 44.Ne2 Kb6
45.Qc2 Bb4 46.Qc1 Be7 47.Qc3 Qb4 48.Kd2 Qa3 49.Kc2 Bb4 50.Qb2 Qxb2+ 51.Kxb2 Be1
52.Kc2 Ka5 53.Kd1 Bf2 54.Kc2 Kb4 55.Kb2 Bd7 56.Ka2 Bxd4  0-1

[Event "5th LCT Open A"]
[Site "Leiden NED"]
[Date "2011.07.15"]
[Round "7"]
[White "Howell,D"]
[Black "Polak,T"]
[Result "1-0"]
[WhiteElo "2625"]
[BlackElo "2540"]

1.e4 c5 2.Nf3 Nc6 3.Bb5 g6 4.Bxc6 dxc6 5.d3 Bg7 6.Nbd2 Bg4 7.Nc4 Nf6 8.h3 Bxf3
9.Qxf3 O-O 10.Qe2 Nd7 11.f4 Nb6 12.Nd2 Na4 13.Rb1 Qd7 14.O-O f5 15.e5 Qe6
16.Nb3 Rfd8 17.Be3 b6 18.c4 g5 19.g3 gxf4 20.gxf4 Kh8 21.Kh2 Rd7 22.Rbe1 b5
23.Nxc5 Nxc5 24.Bxc5 Rad8 25.d4 bxc4 26.Rc1 Bh6 27.Qxc4 Qg6 28.Qe2 Rg8 29.Kh1 Qg3
30.Qf3 Qh4 31.Rg1 Rdd8 32.Rcf1 a6 33.Bb4 Rxg1+ 34.Rxg1 e6 35.Be1 Qe7 36.Qh5 Bg7
37.Bh4 Qe8 38.Qxe8+ Rxe8 39.Rc1 Rc8 40.Kg2 Kg8 41.Be7 Kf7 42.Bd6 Bf8 43.Bxf8 Kxf8
44.Kf3 Ke7 45.Ke3 Rg8 46.Rxc6 Rg3+ 47.Kd2 Rxh3 48.Rxa6 h5 49.Ra7+ Ke8 50.b4 Rf3
51.b5 Kd8 52.Rh7 Rxf4 53.Kc3 Rf1 54.Rxh5 f4 55.Kd3 Rb1 56.a4 Rb4 57.Rh6 Kd7
58.Rh7+ Kd8 59.Ke4 f3 60.Rh8+ Kc7 61.Rh7+ Kc8 62.Kxf3 Rxd4 63.Ra7 Kb8 64.Ra6 Kb7
65.Ke3 Rb4 66.Kd3 Rh4 67.Kc3 Re4 68.Kb3 Rxe5 69.Kb4 Re1 70.Rd6 Kc7 71.Rc6+ Kb7
72.Ka5 Re2 73.Rd6 Kc7 74.Rd1 Rb2 75.Rc1+ Kd6 76.Kb6  1-0

[Event "3rd International Open"]
[Site "Rethymno GRE"]
[Date "2011.07.15"]
[Round "6"]
[White "Yilmaz,M"]
[Black "Balaskas,P"]
[Result "1-0"]
[WhiteElo "2519"]
[BlackElo "2043"]

1.e4 c5 2.Nf3 Nc6 3.Bb5 g6 4.Bxc6 bxc6 5.O-O Bg7 6.e5 f6 7.Re1 fxe5 8.Nxe5 d6
9.Nf3 Nf6 10.Qe2 O-O 11.Nc3 e5 12.h3 Nd5 13.d3 Nf4 14.Bxf4 Rxf4 15.Ne4 Qf8
16.Nfd2 d5 17.Ng5 Rb8 18.Rab1 Bd7 19.Ngf3 Re8 20.Nh2 h5 21.c3 Kh7 22.Rbd1 Qd6
23.Qf1 g5 24.g3 Rf7 25.Qg2 g4 26.hxg4 hxg4 27.Ndf1 Ref8 28.Re2 Qg6 29.Ne3 Be6
30.Qf1 d4 31.Ng2 Bxa2 32.Nh4 Qh5 33.c4 Bf6 34.Qg2 Bxh4 35.gxh4 Rg7 36.Nf1 Rgf7
37.Nd2 Rf3 38.Ra1 e4 39.Rxa2 exd3 40.Re7+ R3f7 41.Raxa7 Rxe7 42.Qe4+ Kh8
43.Qxe7 Qh6 44.Qxc5 Kg8 45.Qxd4  1-0

[Event "2nd Vaujany Open A"]
[Site "Vaujany FRA"]
[Date "2011.07.15"]
[Round "2.7"]
[White "Lobzhanidze,D"]
[Black "Moal,A"]
[Result "1-0"]
[WhiteElo "2483"]
[BlackElo "2189"]

1.e4 c5 2.Nf3 Nc6 3.Bb5 e6 4.O-O Nge7 5.c3 a6 6.Ba4 b5 7.Bc2 Bb7 8.a4 b4
9.d4 cxd4 10.cxd4 Ng6 11.d5 Na5 12.b3 Bc5 13.Bb2 O-O 14.Nbd2 Qb6 15.h4 f6
16.Nc4 Nxc4 17.bxc4 a5 18.h5 Ne5 19.Nxe5 fxe5 20.Bxe5 Bxf2+ 21.Kh1 Qd8 22.Qg4 Qh4+
23.Qxh4 Bxh4 24.Bb3 Bf6 25.Bxf6 Rxf6 26.c5 Raf8 27.Rxf6 Rxf6 28.c6  1-0

[Event "Andorra Open"]
[Site "Arinsal AND"]
[Date "2011.07.16"]
[Round "1.8"]
[White "Mateu Guiu,E"]
[Black "Kogan,Ar"]
[Result "0-1"]
[WhiteElo "1945"]
[BlackElo "2548"]

1.e4 c5 2.Nf3 Nc6 3.Bb5 e6 4.O-O Nge7 5.b3 Ng6 6.Bb2 Qc7 7.Re1 f6 8.d4 cxd4
9.Bxc6 bxc6 10.Qxd4 Be7 11.c4 O-O 12.Nc3 d6 13.Rad1 Kh8 14.Ba3 c5 15.Qe3 Bd7
16.Rd2 a5 17.Red1 Bc6 18.Bb2 a4 19.Nb5 Bxb5 20.cxb5 Rfb8 21.bxa4 Rxa4 22.Qb3 Rxe4
23.a4 d5 24.Bc3 d4 25.Qc4 dxc3  0-1

[Event "Open ch-SVK A"]
[Site "Banska Stiavnica SVK"]
[Date "2011.07.16"]
[Round "8"]
[White "Borosova,Z"]
[Black "Zaskalski,A"]
[Result "0-1"]
[WhiteElo "2310"]
[BlackElo "2214"]

1.e4 c5 2.Nf3 Nc6 3.Bb5 g6 4.Bxc6 dxc6 5.d3 Bg7 6.h3 e5 7.Nc3 Qe7 8.Be3 Nf6
9.Qd2 h6 10.O-O-O Nd7 11.Nh2 Nf8 12.f4 exf4 13.Bxf4 Ne6 14.Bg3 h5 15.Kb1 Nd4
16.Rdf1 c4 17.dxc4 Qc5 18.Nf3 Be6 19.Nxd4 Qxd4 20.Qxd4 Bxd4 21.Ne2 Bg7 22.b3 O-O
23.Nf4 Rfe8 24.Nd3 a5 25.Bh4 Bc8 26.e5 Bf5 27.Bf6 Bxf6 28.exf6 Re2 29.g4 hxg4
30.hxg4 Bxg4 31.Rh4 Bh5 32.Nf4 Re5 33.Rfh1 Kh7 34.Nxh5 gxh5 35.Rg1 Rg8 36.Rxg8 Kxg8
37.Rh2 Rf5 38.Rg2+ Kf8 39.Rh2 Kg8 40.Rg2+ Kh8 41.Rh2 Kh7 42.Kc1 Kg6 43.Kd2 Kxf6
44.Rg2 Rg5 45.Rf2+ Kg6 46.Ke3 h4 47.Rh2 Rg4 48.Kf3 Kg5 49.Re2 Rg3+ 50.Kf2 f5
51.Re7 Rc3 52.Rxb7 Kf4 53.Rh7 Rxc2+ 54.Kg1 Kg3 55.Rg7+ Kf3 56.Rg5 Kf4 57.Rg6 c5
58.a3 Rb2 59.Rb6 Kg3 60.Rg6+ Kf3 61.Rc6 Rxb3 62.Kh2 Rxa3 63.Rxc5 Ke4 64.Rc8 Rc3
65.Ra8 Rxc4 66.Rxa5 Kf4 67.Kh3 Kg5 68.Ra3 Re4 69.Rb3 Re5 70.Ra3 f4 71.Ra8 Re3+
72.Kg2 h3+ 73.Kf2 Re6 74.Rg8+ Rg6 75.Rb8 Rh6 76.Rg8+ Kf5 77.Rf8+ Kg5 78.Rg8+ Rg6
79.Rh8 Kg4 80.Rh7 Rg5 81.Rh8 Rh5 82.Rg8+ Kf5 83.Rf8+ Ke5 84.Re8+ Kf6 85.Re1 h2
86.Rh1 Kf5 87.Kf3 Kg5 88.Kf2 Kg4 89.Kg2 f3+ 90.Kf2 Rh8  0-1

[Event "XXIV Open"]
[Site "San Fernando ESP"]
[Date "2011.07.16"]
[Round "1"]
[White "Manzano Barquilla,Jesus"]
[Black "Lazarev,V"]
[Result "0-1"]
[WhiteElo "1828"]
[BlackElo "2445"]

1.e4 c5 2.Nf3 Nc6 3.Bb5 e6 4.c3 Nge7 5.O-O a6 6.Bxc6 Nxc6 7.d4 d5 8.exd5 Qxd5
9.dxc5 Qxd1 10.Rxd1 Bxc5 11.Nbd2 e5 12.Nb3 Ba7 13.Re1 f6 14.Be3 Bxe3 15.Rxe3 Bg4
16.Rd1 Rd8 17.Rxd8+ Kxd8 18.Kf1 Kc7 19.Ke1 Rd8 20.Nfd2 Bf5 21.Rg3 g6 22.Nc5 Rf8
23.Nc4 Bc8 24.Rd3 b6 25.Nb3 Be6 26.Ne3 Ne7 27.Nc1 f5 28.a3 f4 29.Nf1 Bf5
30.Rd2 Nc6 31.f3 e4 32.fxe4 Bxe4 33.Ne2 Rf6 34.Nc1 g5 35.Re2 Bd5 36.Nd2 Rh6
37.Nf1 Bc4 38.Rf2 Bxf1 39.Kxf1 Rxh2 40.Kg1 Rh6 41.Rd2 Rd6 42.Rxd6 Kxd6 43.Kf2 Kd5
44.b3 Ke4 45.Ke2 Ne5 46.b4 g4 47.a4 f3+ 48.gxf3+ gxf3+ 49.Kf1 Ke3 50.a5 bxa5  0-1

[Event "15th Battle of Senta Open"]
[Site "Senta SRB"]
[Date "2011.07.16"]
[Round "1.9"]
[White "Savic,Draga"]
[Black "Radovanovic,D"]
[Result "1-0"]
[WhiteElo "2160"]
[BlackElo "2372"]

1.e4 c5 2.Nf3 Nc6 3.Bb5 g6 4.O-O Bg7 5.c3 e5 6.d3 d6 7.d4 Bd7 8.dxc5 dxc5
9.Be3 b6 10.Na3 Nge7 11.Qd6 a6 12.Ba4 O-O 13.Rad1 Ra7 14.Nc4 Qb8 15.Nxb6 Bg4
16.Bxc6 Qxb6 17.Bxc5 Qxc6 18.Bxa7 Qxe4 19.Qxe7 Bxf3 20.gxf3 Qxf3 21.Qg5  1-0

[Event "16th Balaguer Open"]
[Site "Balaguer ESP"]
[Date "2011.07.17"]
[Round "1"]
[White "Ramon Perez,J"]
[Black "Arno Bendicho,X"]
[Result "1-0"]
[WhiteElo "2222"]
[BlackElo "1631"]

1.e4 c5 2.Nf3 Nc6 3.Bb5 e6 4.O-O Nge7 5.c4 g6 6.d4 cxd4 7.Nxd4 Bg7 8.Be3 O-O
9.Nc3 a6 10.Ba4 Nxd4 11.Bxd4 Nc6 12.Bxg7 Kxg7 13.Qd2 Qb6 14.a3 Qc7 15.Rac1 b6
16.Rfd1 Rd8 17.Qd6 Qxd6 18.Rxd6 Ne5 19.b3 Rb8 20.f4 Ng4 21.Rcd1 Nf6 22.b4 Kf8
23.c5 bxc5 24.bxc5 Ne8 25.c6 Ke7 26.e5 Rb2 27.cxd7 Nxd6 28.exd6+ Kf8 29.dxc8=Q Rxc8
30.Ne4 Ra2 31.d7 Rd8 32.Nc5 Rb2 33.Bc6 Ke7 34.Nb7 Rxb7 35.Bxb7  1-0

[Event "3rd International Open"]
[Site "Rethymno GRE"]
[Date "2011.07.18"]
[Round "9"]
[White "Tsilidis,A"]
[Black "Korres,E"]
[Result "1-0"]
[WhiteElo "2278"]
[BlackElo "2076"]

1.e4 c5 2.Nf3 Nc6 3.Bb5 g6 4.Bxc6 bxc6 5.O-O Bg7 6.Re1 Nf6 7.e5 Nd5 8.Nc3 O-O
9.Nxd5 cxd5 10.d4 cxd4 11.Qxd4 e6 12.Bg5 Qb6 13.Qh4 Ba6 14.b3 Rac8 15.Rac1 Rc3
16.Bd2 Rc6 17.Bh6 Qd8 18.Ng5 f6 19.Bxg7 fxg5 20.Qh6 Rf5 21.Bf6 Qf8 22.Qh3 d4
23.c4 Rxf6 24.exf6 Qxf6 25.Rcd1 Rd6 26.Qg3 Qf4 27.Qxf4 gxf4 28.Re4 d3 29.Rxf4 Bb7
30.c5 Rd5 31.f3 Bc6 32.Rc4 Bb5 33.Rc3 Kf7 34.a4 Ba6 35.b4 Rd4 36.b5 Bc8 37.Rdxd3 Rxa4
38.Ra3 Rc4 39.Rxa7 Rxc5 40.Rb3  1-0

[Event "2nd SPI Open"]
[Site "Satu Mare ROU"]
[Date "2011.07.18"]
[Round "5"]
[White "Carmaciu,L"]
[Black "Vedmediuc,S"]
[Result "0-1"]
[WhiteElo "2388"]
[BlackElo "2440"]

1.e4 c5 2.Nf3 Nc6 3.Bb5 e6 4.Bxc6 bxc6 5.d3 Ne7 6.Nh4 Ng6 7.Nxg6 hxg6 8.e5 c4
9.d4 c5 10.d5 d6 11.exd6 Bb7 12.dxe6 Bxd6 13.exf7+ Kxf7 14.Qe2 Qh4 15.g3 Qf6
16.Qxc4+ Kf8 17.Rf1 Re8+ 18.Be3 Qxb2 19.Kd2 Rd8 20.Ke2 Qxa1 21.Nc3 Qb2 22.Rb1 Ba6
23.Qxa6 Qxc3 24.Rd1 Qe5 25.Kf1 Rxh2 26.Bf4 Qe4  0-1

[Event "15th Battle of Senta Open"]
[Site "Senta SRB"]
[Date "2011.07.18"]
[Round "4.3"]
[White "Ardeleanu,A"]
[Black "Markovic,ZS"]
[Result "1-0"]
[WhiteElo "2394"]
[BlackElo "2351"]

1.e4 c5 2.Nf3 Nc6 3.Bb5 g6 4.O-O Bg7 5.c3 e5 6.d4 cxd4 7.cxd4 exd4 8.Bf4 a6
9.Ba4 Nge7 10.Bd6 O-O 11.Nbd2 h6 12.Rc1 b5 13.Bb3 Bb7 14.Bd5 Re8 15.Bxf7+ Kxf7
16.Qb3+ Kf8 17.Ng5 hxg5 18.f4 g4 19.f5 Be5 20.fxg6+ Kg7 21.Qf7+ Kh6 22.Qh7+ Kg5
23.h4+ gxh3 24.Nf3+ Kf4 25.Qh4+  1-0

[Event "3rd Artemis Cup"]
[Site "Leros GRE"]
[Date "2011.07.19"]
[Round "9.9"]
[White "Devereaux,M"]
[Black "Spiropoulos,P"]
[Result "1-0"]
[WhiteElo "2376"]
[BlackElo "2086"]

1.e4 c5 2.Nf3 Nc6 3.Bb5 g6 4.Bxc6 dxc6 5.d3 Bg7 6.h3 Nf6 7.Nc3 Nd7 8.Be3 b6
9.Qd2 Nf8 10.Bh6 Bxh6 11.Qxh6 Ne6 12.O-O Qc7 13.e5 Nd4 14.Nxd4 cxd4 15.Qg7 Rf8
16.Ne4 h6 17.Rae1 Be6 18.Qxh6 O-O-O 19.Qf4 c5 20.Qg3 Bd5 21.a3 Bxe4 22.Rxe4 e6
23.Rfe1 Rd5 24.Rh4 Rfd8 25.Rh7 R8d7 26.b3 Re7 27.Qg5 Kb7 28.Qf6 Rdd7 29.h4 Re8
30.g4 Ka6 31.Re4 Rg8 32.Kf1 Qb7 33.Rh8 Rxh8 34.Qxh8 Rc7 35.Qe8 Qc8 36.Qxc8+ Rxc8
37.Kg2 Rh8 38.Kg3 Kb7 39.Re1 Kc6 40.f4 Kd5 41.h5 gxh5 42.Rh1 h4+ 43.Rxh4 Rf8
44.Kf3 b5 45.Rh7 c4 46.bxc4+ bxc4 47.dxc4+ Kxc4 48.Ke4 Kc3 49.Rh3+ Kxc2 50.Rd3 Rg8
51.g5 Rc8 52.Rxd4 Rc3 53.Ra4 Kd2 54.f5 Ke2 55.fxe6 fxe6 56.Kf4 Kf2 57.Kg4 Rg3+
58.Kh5 Re3 59.Ra5 Kf3 60.Kg6 Kg4 61.Ra4+ Kf3 62.Kf6 Rb3 63.g6  1-0

[Event "ch-PHI w"]
[Site "Manila PHI"]
[Date "2011.07.19"]
[Round "5"]
[White "Jose,Ru"]
[Black "Cherry,A"]
[Result "1-0"]
[WhiteElo "2024"]
[BlackElo "1949"]

1.e4 c5 2.Nf3 Nc6 3.Bb5 Nf6 4.Nc3 g6 5.e5 Ng4 6.Bxc6 dxc6 7.O-O Bg7 8.Qe2 O-O
9.d3 Qb6 10.Rb1 Bd7 11.h3 Nh6 12.Be3 Qa5 13.Nd2 Be6 14.Nde4 b6 15.g4 f6 16.Bd2 c4
17.exf6 cxd3 18.cxd3 exf6 19.Nxf6+ Bxf6 20.Qxe6+ Kg7 21.Ne4 Qd5 22.Qxd5 cxd5
23.Nxf6 Rxf6 24.g5 Rf3 25.gxh6+ Kf7 26.Rbc1 Rxd3 27.Bg5 Rxh3 28.Rfe1 Rh5
29.Rc7+ Kg8 30.Rg7+ Kh8 31.Bf6 Rf5 32.Rxg6+ Rxf6 33.Rxf6 Rd8 34.Kh2 d4 35.Rd6 Rf8
36.Rxd4 Rxf2+ 37.Kg3 Rf8 38.Rde4 Kg8 39.Re8 Rxe8 40.Rxe8+ Kf7 41.Ra8 Kg6
42.Kg4 Kxh6 43.Kf5 a5 44.Rg8 b5 45.Rg2 a4 46.Rg1  1-0

[Event "16th Balaguer Open"]
[Site "Balaguer ESP"]
[Date "2011.07.20"]
[Round "4"]
[White "Fumas Fontova,Eudald"]
[Black "Juan Bartroli,Pau"]
[Result "0-1"]
[WhiteElo "1637"]
[BlackElo "1860"]

1.e4 c5 2.Nf3 Nc6 3.Bb5 e6 4.Bxc6 bxc6 5.c3 d5 6.Qe2 Qb6 7.d3 Ba6 8.O-O Rb8
9.Ne1 Nf6 10.e5 Nd7 11.f4 c4+ 12.d4 c5 13.dxc5 Nxc5 14.Kh1 Na4 15.Be3 Bc5
16.Bxc5 Nxc5 17.Nd2 O-O 18.Rb1 Qa5 19.Qh5 f6 20.Rf3 Qc7 21.g4 g6 22.Qh4 fxe5
23.fxe5 Bb7 24.Rh3 d4+ 25.Nef3 dxc3 26.bxc3 Rbd8 27.Kg1 Nd3 28.Rf1 Nf4 29.Nd4 Nxh3+
30.Qxh3 Rxf1+ 31.Qxf1 Qxe5 32.Nxc4 Qe4 33.Nd2 Qh1+ 34.Kf2 Rf8+  0-1

[Event "ch-PHI w"]
[Site "Manila PHI"]
[Date "2011.07.20"]
[Round "7"]
[White "Frayna,Janelle Mae"]
[Black "Cherry,A"]
[Result "1/2-1/2"]
[WhiteElo "1875"]
[BlackElo "1949"]

1.e4 c5 2.Nf3 Nc6 3.Bb5 d6 4.O-O Bg4 5.h3 Bh5 6.c3 a6 7.Be2 Nf6 8.d3 e6 9.Be3 Be7
10.Nbd2 O-O 11.d4 cxd4 12.cxd4 Rc8 13.Ne1 Bg6 14.f3 b5 15.Nd3 Qb6 16.Nb3 e5
17.Bf2 exd4 18.Nf4 Qb7 19.Nxd4 Rfd8 20.Nxc6 Qxc6 21.Rc1 Qb7 22.Rxc8 Rxc8
23.Qd2 Qc6 24.Be3 Nd7 25.Rd1 f6 26.Nd5 Kf8 27.Nb4 Qb7 28.a4 Bf7 29.axb5 axb5
30.Nd5 Rc6 31.Qb4 Bxd5 32.exd5 Rc2 33.Bd3 Rc8 34.Qxb5 Rb8 35.Qxb7 Rxb7 36.Bd4 g6
37.f4 Rb4 38.Bc3 Rxf4 39.g3 Ra4 40.Bb5 Ra7 41.Bd4 Rc7 42.b4 Bd8 43.Bc6 Ne5
44.Bb6 Rc8 45.Bxd8 Rxd8 46.b5 Rb8 47.Ra1 Nf3+ 48.Kf2 Nd4 49.g4 f5 50.Ra4 Nb3
51.Ra7 Nd4 52.Rxh7 Kg8 53.Rd7 Nxb5 54.Bxb5 Rxb5 55.Rxd6 fxg4 56.hxg4 Kf7
57.Ke3 Ke7 58.Re6+ Kf7 59.Ke4 Rb4+ 60.Kf3 Rd4 61.Rd6 Ke7 62.Rxg6 Rxd5 63.Ke4 Ra5
64.Rb6 Kf7 65.Kf4 Kg7 66.Kg3 Rc5 67.Kh4 Rc1 68.Kh5 Rc5+ 69.g5 Rc1 70.Rb7+ Kg8
71.Rd7 Ra1 72.Kg6 Ra6+ 73.Kh5 Ra1 74.Rd6 Kg7  1/2-1/2

[Event "Czech Open G Rapid"]
[Site "Pardubice CZE"]
[Date "2011.07.20"]
[Round "1.15"]
[White "Semenova,E"]
[Black "Prokopchuk,E"]
[Result "1-0"]
[WhiteElo "2175"]
[BlackElo "2523"]

1.e4 c5 2.Nf3 Nc6 3.Bb5 e6 4.Bxc6 bxc6 5.d3 Ne7 6.Qe2 Qc7 7.O-O Ng6 8.h4 Be7
9.Bg5 Bxg5 10.Nxg5 h6 11.Nf3 e5 12.g3 d6 13.Nh2 Bh3 14.Re1 h5 15.Nd2 Nf8
16.Ndf3 Ne6 17.Kh1 f6 18.Ng1 Nd4 19.Qd2 Bd7 20.c3 Ne6 21.Ngf3 Qb6 22.Rad1 Rb8
23.d4 Qxb2 24.dxe5 Qxd2 25.Nxd2 dxe5 26.Nc4 Ke7 27.Nf1 Nc7 28.Nfe3 g6 29.f4 exf4
30.gxf4 Bg4 31.Nxg4 hxg4 32.Kg2 Rxh4 33.Rd2 Rbh8 34.Red1 Rh2+ 35.Kg3 Rxd2
36.Rxd2 Rh3+ 37.Kxg4 Rxc3 38.Na5 Ne6 39.Nxc6+ Ke8 40.Rd6 Nd4 41.Rxf6 Nxc6
42.Rxc6 Rc1 43.Kg5 Kd7 44.Ra6 Rg1+ 45.Kf6 c4 46.Rxa7+ Kc6 47.Ra6+ Kc5 48.Ra8 Kd4
49.e5 Rf1 50.e6 Rxf4+ 51.Kg7 Re4 52.Kf7 g5 53.e7 c3 54.e8=Q Rxe8 55.Rxe8 c2
56.Re1 Kd3 57.Kf6 g4 58.Kf5 Kc3 59.Kxg4 Kb4  1-0

[Event "XXIX Andorra Open"]
[Site "Arinsal AND"]
[Date "2011.07.21"]
[Round "6.13"]
[White "De la Riva Aguado,J"]
[Black "Venkatesh,M"]
[Result "0-1"]
[WhiteElo "2279"]
[BlackElo "2480"]

1.e4 c5 2.Nf3 Nc6 3.Bb5 d6 4.O-O Bd7 5.Re1 Nf6 6.c3 a6 7.Bf1 Bg4 8.d3 e6
9.Nbd2 Be7 10.h3 Bh5 11.g4 Bg6 12.Nh4 Nd7 13.Ng2 h5 14.Nf4 Nde5 15.Nf3 hxg4
16.Nxe5 Nxe5 17.hxg4 Bh4 18.Nxg6 Nxg6 19.Be3 Bg5 20.d4 Bxe3 21.Rxe3 Nf4 22.Qf3 Qh4
23.Bg2 Qh2+ 24.Kf1 cxd4 25.cxd4 Rc8 26.e5 Nxg2 27.Qxg2 Qh1+ 28.Qg1 Qd5  0-1

[Event "Czech Open G Rapid"]
[Site "Pardubice CZE"]
[Date "2011.07.21"]
[Round "4.4"]
[White "Velicka,P"]
[Black "Schlosser,P"]
[Result "1/2-1/2"]
[WhiteElo "2461"]
[BlackElo "2599"]

1.e4 c5 2.Nf3 Nc6 3.Bb5 Nf6 4.Nc3 Qc7 5.O-O Nd4 6.Re1 a6 7.Bf1 Ng4 8.g3 Nxf3+
9.Qxf3 Ne5 10.Qe2 e6 11.Bg2 d6 12.d3 Be7 13.Be3 O-O 14.f4 Nc6 15.Nd1 Rd8
16.c3 d5 17.Bd2 dxe4 18.dxe4 b5 19.Nf2 Bb7 20.Rad1 Na5 21.Bc1 Bf8 22.Rxd8 Rxd8
23.Rd1 Bc6  1/2-1/2

[Event "Czech Open G Rapid"]
[Site "Pardubice CZE"]
[Date "2011.07.21"]
[Round "9.3"]
[White "Maximov,D"]
[Black "Kononenko,Dmitry1"]
[Result "0-1"]
[WhiteElo "2479"]
[BlackElo "2593"]

1.e4 c5 2.Nf3 Nc6 3.Bb5 d6 4.O-O Bd7 5.Re1 Nf6 6.c3 a6 7.Bf1 Bg4 8.d3 e6
9.h3 Bh5 10.Nbd2 Be7 11.g4 Bg6 12.Nh4 Nd7 13.Nxg6 hxg6 14.Bg2 Bg5 15.Nf1 Bxc1
16.Rxc1 e5 17.Ne3 Nf8 18.Nd5 Ne6 19.Qd2 g5 20.Qe3 Nf4 21.Nxf4 gxf4 22.Qf3 Qh4
23.a3 Nd8 24.d4 Ne6 25.dxe5 dxe5 26.Qd3 Rd8 27.Qc4 b5 28.Qf1 Ng5 29.f3 Qg3  0-1

[Event "2nd SPI Open"]
[Site "Satu Mare ROU"]
[Date "2011.07.21"]
[Round "9"]
[White "Bogdan,Dan"]
[Black "Vedmediuc,S"]
[Result "0-1"]
[WhiteElo "2362"]
[BlackElo "2440"]

1.e4 c5 2.Nf3 Nc6 3.Bb5 e6 4.c3 Nge7 5.O-O a6 6.Ba4 b5 7.Bc2 Bb7 8.d4 cxd4
9.cxd4 Nb4 10.Nc3 Nxc2 11.Qxc2 Rc8 12.Qe2 Ng6 13.a3 Be7 14.Be3 O-O 15.Rac1 d6
16.Rfd1 Qd7 17.Qd2 f5 18.exf5 Bxf3 19.fxg6 Bxd1 20.gxh7+ Kxh7 21.Qxd1 d5
22.Qh5+ Kg8 23.Qg4 Bd6 24.h4 Qf7 25.Re1 b4 26.axb4 Bxb4 27.Rc1 Bxc3 28.bxc3 Rc6
29.Qe2 Rb8 30.g3 Qf5 31.Bd2 Rb1 32.Rxb1 Qxb1+ 33.Kh2 Qf5 34.Kg1 Rb6 35.c4 Rb1+
36.Kh2 Qe4 37.Qxe4 dxe4 38.Kg2 Rb2  0-1

[Event "Najdorf Memorial"]
[Site "Warsaw POL"]
[Date "2011.07.21"]
[Round "8"]
[White "Warakomski,T"]
[Black "Brodsky,M"]
[Result "1/2-1/2"]
[WhiteElo "2473"]
[BlackElo "2563"]

1.e4 c5 2.Nf3 Nc6 3.Bb5 d6 4.c3 Nf6 5.Qe2 Bg4 6.h3 Bxf3 7.Qxf3 Nd7 8.Qd1 Qb6
9.Qa4 Rc8 10.Na3 a6 11.Bxc6 Qxc6 12.Qxc6 Rxc6 13.d4 cxd4 14.cxd4 e6 15.Kd2 d5
16.exd5 exd5 17.Nc2 Nb6 18.Kd3 Kd7 19.Ne3 Bd6 20.a4 Bf4 21.Ng4 Bd6 22.Ne3 Bf4
23.Ng4  1/2-1/2

[Event "Najdorf Memorial"]
[Site "Warsaw POL"]
[Date "2011.07.21"]
[Round "8.32"]
[White "Barski,R"]
[Black "Stremavicius,T"]
[Result "0-1"]
[WhiteElo "2313"]
[BlackElo "2094"]

1.e4 c5 2.Nf3 Nc6 3.Bb5 d6 4.O-O Bd7 5.Re1 a6 6.Bf1 Nf6 7.c3 Bg4 8.d4 cxd4
9.cxd4 Bxf3 10.gxf3 g6 11.Nc3 Bg7 12.d5 Nb8 13.a4 O-O 14.Be3 Nbd7 15.a5 Rc8
16.Na4 Nh5 17.f4 f5 18.exf5 Rxf5 19.Bh3 Rf8 20.Be6+ Kh8 21.Qg4 Ndf6 22.Qh3 Rc4
23.Nb6 Nxf4 24.Bxf4 Rxf4 25.Rac1 Qe8 26.Rc7 Qb5 27.Qa3 Ne4 28.Bd7 Bxb2 29.Bxb5 Bxa3
30.Bd3 Rg4+  0-1

[Event "III Corporation Cup A"]
[Site "Izhevsk RUS"]
[Date "2011.07.22"]
[Round "7"]
[White "Krutko,A"]
[Black "Dvoirys,S"]
[Result "0-1"]
[WhiteElo "2386"]
[BlackElo "2554"]

1.e4 c5 2.Nf3 Nc6 3.Bb5 e6 4.Bxc6 bxc6 5.d3 Ne7 6.Qe2 Ng6 7.h4 h5 8.e5 f6
9.Qe4 Kf7 10.Bf4 Qb6 11.Nbd2 Qxb2 12.O-O Ba6 13.c4 Qb8 14.Rab1 Qd8 15.Nb3 Be7
16.Rfe1 Rf8 17.Bg3 f5 18.Qe3 Kg8 19.Bf4 Bxh4 20.Nxc5 Bc8 21.Bg5 Bxg5 22.Qxg5 Qxg5
23.Nxg5 Nh8 24.f4 Nf7 25.Nf3 Rd8 26.Rb3 Kf8 27.Reb1 Ke7 28.Kf2 Rg8 29.Nd4 g5
30.Rb7 Ke8 31.R7b3 gxf4 32.Nf3 Nh6 33.Rh1 Ng4+ 34.Kg1 Ne3 35.Rh2 Kd8 36.Rb2 Kc7
37.Rxh5 Rb8 38.Nb3 a5 39.a4 Nxg2  0-1

[Event "4th Paleohora Open"]
[Site "Paleochora GRE"]
[Date "2011.07.22"]
[Round "4"]
[White "Kaplan,S"]
[Black "Zubarev,Al1"]
[Result "0-1"]
[WhiteElo "2436"]
[BlackElo "2597"]

1.e4 c5 2.Nf3 Nc6 3.Bb5 g6 4.Bxc6 bxc6 5.O-O Bg7 6.Re1 Nh6 7.c3 O-O 8.d4 Qb6
9.Qc2 d6 10.h3 f6 11.Be3 cxd4 12.cxd4 Bd7 13.Nc3 Qa5 14.Rad1 Qh5 15.Ne2 g5
16.Nh2 Qf7 17.b3 Qg6 18.f4 d5 19.f5 Qf7 20.Ng3 dxe4 21.Qxe4 e6 22.fxe6 Bxe6
23.Qxc6 Bd5 24.Qa6 Rae8 25.Ng4 Nxg4 26.hxg4 Qd7 27.Nf5 Re4 28.Bf2 Rxg4 29.Ne7+ Kh8
30.Nxd5 Qxd5 31.g3 f5 32.Qe6 Qf3 33.Qe2 Rxg3+ 34.Bxg3 Qxg3+ 35.Kh1 f4 36.Qg2 Qh4+
37.Qh2 Qg4 38.d5 f3 39.d6 f2 40.Rf1 Rf6  0-1

[Event "4th d'Ille-et-Vilain Open"]
[Site "Rennes FRA"]
[Date "2011.07.22"]
[Round "9.10"]
[White "Houlgate,A"]
[Black "Bapst,V"]
[Result "1/2-1/2"]
[WhiteElo "1969"]
[BlackElo "1908"]

1.e4 c5 2.Nf3 Nc6 3.Bb5 Nf6 4.Qe2 g6 5.c3 Qb6 6.O-O Bg7 7.e5 Nd5 8.Bc4 Nf4
9.Qe4 Ne6 10.Bxe6 dxe6 11.d3 Qc7 12.Bf4 b6 13.Na3 Bb7 14.Qe3 O-O 15.Rfe1 Rfd8
16.h4 h5 17.Rad1 Nb8 18.d4 Na6 19.Nc2 Bd5 20.b3 c4 21.b4 Qc6 22.Re2 Nc7 23.Ng5 Qa4
24.Ra1 Bb7 25.Ne4 Nb5 26.Qd2 Nc7 27.f3 Nd5 28.Bh6 Kh7 29.Bxg7 Kxg7 30.Ne3 Nxe3
31.Qxe3 Bd5 32.Rb2 a6 33.Nd2 Qc6 34.a4  1/2-1/2

[Event "ch-PHI"]
[Site "Manila PHI"]
[Date "2011.07.23"]
[Round "13"]
[White "Nolte,R"]
[Black "Ranola,Y"]
[Result "1-0"]
[WhiteElo "2433"]
[BlackElo "2377"]

1.e4 c5 2.Nf3 Nc6 3.Bb5 Nf6 4.Nc3 Qc7 5.O-O Nd4 6.Re1 a6 7.Bc4 d6 8.h3 e6
9.a4 Be7 10.d3 O-O 11.Be3 Nxf3+ 12.Qxf3 Bd7 13.Bf4 Bc6 14.Qe2 b6 15.Nd5 exd5
16.exd5 Nxd5 17.Bxd5 Bxd5 18.Qxe7 Qc6 19.Qxd6 Bxg2 20.Qxc6 Bxc6 21.a5 b5
22.Re5 Bd7 23.Rxc5 Bxh3 24.c4 bxc4 25.dxc4 Rfc8 26.Bc7 Ra7 27.Rd1 f6 28.Rd8+ Rxd8
29.Bxd8 Kf7 30.b4 Rd7 31.Bc7 Rd4 32.b5 Rd1+ 33.Kh2  1-0

[Event "ch-SWE Master Elite"]
[Site "Vasteras SWE"]
[Date "2011.07.23"]
[Round "8"]
[White "Hillarp Persson,T"]
[Black "Cramling,P"]
[Result "1/2-1/2"]
[WhiteElo "2547"]
[BlackElo "2472"]

1.e4 c5 2.Nf3 Nc6 3.Bb5 Nf6 4.Nc3 Qc7 5.O-O Nd4 6.Re1 a6 7.Bf1 Ng4 8.g3 Nxf3+
9.Qxf3 Ne5 10.Qe2 d6 11.Nd5 Qd8 12.Ne3 g6 13.c3 Nc6 14.f4 Bg7 15.Bg2 Bd7
16.d3 Rb8 17.h4 b5 18.a3 a5 19.Bd2 O-O 20.Rf1 b4 21.axb4 axb4 22.h5 bxc3
23.bxc3 Rb3 24.Rac1 Rb2 25.Qd1 Qb8 26.hxg6 hxg6 27.Rb1 Rxb1 28.Qxb1 Qa7 29.Qc2 Rb8
30.Rb1 Be6 31.Rxb8+ Qxb8 32.e5 Qb5 33.exd6 exd6 34.Be4 Ne7 35.Kg2 d5 36.c4 dxc4
37.dxc4 Qb2 38.Qxb2 Bxb2 39.Kf3 Bd4 40.Bd3 f5 41.Nc2 Nc6 42.Nxd4 Nxd4+ 43.Ke3 Nc6
44.Bf1 Kf7 45.Bg2 Na7 46.Kd3 Ke7 47.Be3  1/2-1/2

[Event "III Corporation Cup A"]
[Site "Izhevsk RUS"]
[Date "2011.07.24"]
[Round "9"]
[White "Krutko,A"]
[Black "Potapov,P"]
[Result "1-0"]
[WhiteElo "2386"]
[BlackElo "2488"]

1.e4 c5 2.Nf3 Nc6 3.Bb5 g6 4.Bxc6 bxc6 5.O-O Bg7 6.Re1 Nh6 7.c3 O-O 8.d4 Qb6
9.h3 f6 10.b3 cxd4 11.cxd4 Nf7 12.Nbd2 Ba6 13.Bb2 d6 14.Qc2 Rac8 15.Nc4 Qc7
16.Rac1 e5 17.Ne3 Rfe8 18.b4 Qb7 19.dxe5 fxe5 20.Qb3 Kh8 21.Rc2 Qd7 22.Rd1 Bb7
23.Nc4 Qe7 24.Na5 Ba8 25.Qa4 Nd8 26.Bc1 h6 27.Be3 Rc7 28.Nd2 Rf8 29.Ndc4 Rf6
30.Rcd2 Rd7 31.Bc5 Nf7 32.Nxd6 Rfxd6 33.Rxd6 Rxd6 34.Rxd6 Nxd6 35.Nc4 Qd7
36.Nxd6 Bf8 37.Nc4 Bxc5 38.bxc5 Qd4 39.Qxa7 Qxc4 40.Qxa8+ Kg7 41.Qb7+ Kh8
42.Qb8+ Kh7 43.Qxe5  1-0

[Event "III Corporation Cup A"]
[Site "Izhevsk RUS"]
[Date "2011.07.24"]
[Round "9"]
[White "Vaseptsov,Maxim"]
[Black "Kalmachevskikh,V"]
[Result "0-1"]
[WhiteElo "2193"]
[BlackElo "2293"]

1.e4 c5 2.Nf3 Nc6 3.Bb5 g6 4.Bxc6 dxc6 5.d3 Bg7 6.h3 e5 7.Be3 Qe7 8.Nc3 Nf6
9.Qd2 Nd7 10.Bh6 f6 11.Nh2 g5 12.Bxg7 Qxg7 13.Ng4 h5 14.Ne3 Nf8 15.O-O-O Ng6
16.Ne2 Be6 17.g3 O-O-O 18.f4 exf4 19.gxf4 Nxf4 20.Nxf4 gxf4 21.Nf5 Bxf5 22.exf5 Qg5
23.Rhf1 Qxf5 24.Rxf4 Qxh3 25.Rxf6 Rhf8 26.Qf4 Rxf6 27.Qxf6 c4 28.d4 Qe3+
29.Kb1 Qe2 30.Qf5+ Kb8 31.Qf4+ Ka8 32.Rg1 a6 33.a4 Re8 34.Qf7 h4 35.Rh1 Rh8
36.Qf6 Qh5 37.Rh3 Ka7 38.a5 Re8 39.Qf2 Qxa5 40.c3 Re1+ 41.Qxe1 Qf5+ 42.Ka2 Qxh3
43.d5 Qg3 44.Qe7 cxd5 45.Qc5+ Ka8 46.Qxd5 h3 47.Qxc4 h2 48.Qc8+ Qb8 49.Qh3 Qg8+
50.c4 Qxc4+ 51.Kb1 Qe4+  0-1